000 00876nam a22002537a 4500
001 BR7804644
003 BR-BrBNA
005 20230928085656.0
007 ta
008 230509b bl.||||| |||| 00| 0 por d
040 _aBR-BrBNA
_bpor
_cBiblioteca Nacional de Agricultura
041 _a(Por)
072 _aD10
_b/G514
090 _ D10 BR7804644
110 1 _aSecretaria de Planejamento da Presidencia da Republica, Brasilia, DF (Brasil). Secretaria de Modernizacao e Reforma Administrativa
_99016
245 1 _aCadastro da administracao federal ministerio da Agricultura [Administracao; Legislacao; Modernizacao administrativa; Brasil]
_bv. 5
250 1 _a2. ed.
260 3 _aBrasilia, DF (Brasil):
_c1978.
300 _a600 p.
650 _aAdministracao publica
650 _aModernizacao administrativa
909 _a202309
_bLucia
_c55
_dLucia Elande
942 _cBK
999 _c25720
_d25720